| 000 | 00567nam a2200205Ia 4500 | ||
|---|---|---|---|
| 003 | OSt | ||
| 005 | 20251213154840.0 | ||
| 008 | 210423s2009 xx 000 0 und d | ||
| 020 | _a978817596412560 | ||
| 040 | _cAL | ||
| 041 | _aEnglish | ||
| 082 |
_a420.028 _bKUMH |
||
| 100 |
_aSuresh Kumar E _981748 |
||
| 245 | _aHandbook for english language laboratory | ||
| 260 |
_aNew Delhi _bCambridge University Press _c2009 |
||
| 300 |
_aviii,171P. _bPB _c24x18cm. |
||
| 365 |
_b150 _cINR |
||
| 906 | _aenglish ; Handbook ; laboratory. ; language | ||
| 942 |
_2ddc _cBK |
||
| 999 |
_c156773 _d156773 |
||